00389nam a2200133Ia 4500082002000000245001400020260004300034300002900077504004300106650002800149650001400177650003600191650002800227 aRR 923.254 WHO; 0aWho's who aNew DelhibLok Sabha Secretariatc1997 axvi, 1165p.: photographs aParliament of India eleventh lok sabha aLegislators - Biography aLok sabha aLegislators - India - Biography aBiography - Directories